[Event "78th GEO-ch 2019"]
[Site "Tbilisi"]
[Date "2019.02.15"]
[Round "4.1"]
[White "Paichadze, Luka"]
[Black "Arutinian, David"]
[Result "1/2-1/2"]
[WhiteElo "2580"]
[BlackElo "2552"]
[Annotator "TA"]
[PlyCount "117"]
[EventDate "2019.02.06"]
[EventType "k.o."]
[EventCountry "GEO"]
[SourceTitle "playchess.com"]
[Source "ChessBase"]
[SourceQuality "1"]

{[%evp 9,117,12,22,19,20,14,20,0,8,-16,-7,-16,-13,-15,-15,-20,-12,-36,0,0,23,20,52,45,51,45,69,69,69,69,69,69,62,62,62,62,62,68,68,0,0,0,0,0,6,0,0,0,0,0,0,0,0,0,0,0,12,12,12,6,6,8,7,6,7,1,9,-19,7,8,8,-50,0,0,0,0,0,0,0,0,3420,2829,2071,0,0,0,1865,0,0,0,0,0,0,0,0,0,0,0,0,0,0,0,0,0,0,0,0,0,0,0]} 1. e4 c6 2. d4 d5 3. e5 Bf5 4. h4 h5 5. Bd3 Bxd3 6. Qxd3 {B12: Caro-Kann: Advance Variation} Qa5+ (6... e6 7. Bg5 Be7 8. Nf3 Nh6 9. Nbd2 Nf5 10. Nf1 Qa5+ 11. c3 Qa6 12. Qd2 Nd7 13. Ng3 Nxg3 14. fxg3 f6 {½-½ (72) Inarkiev,E (2693)-Tomashevsky,E (2705) St Petersburg 2018}) 7. Nd2 {White wants to play e6!} e6 8. Ne2 Qa6 9. c4 Ne7 10. b3 Nd7 11. O-O Nf5 12. g3 Be7 13. Bb2 $146 Rd8 14. Qc2 $36 {[%mdl 2048] White has some pressure.} g6 15. Rfe1 Kf8 16. a4 Bb4 17. Bc3 Qa5 {Threatening ...Bxc3.} 18. Bxb4+ Qxb4 19. Nf3 Kg7 20. a5 Qe7 21. Nf4 Nb8 22. c5 Na6 23. Ng2 Nc7 24. a6 (24. Ne3 $14) 24... Nxa6 $11 25. Ra4 Ra8 26. Rea1 Rhb8 27. Qd2 Nc7 28. Rxa7 Rxa7 29. Rxa7 Nb5 30. Ra1 b6 31. b4 bxc5 32. bxc5 Qd8 33. Ne3 Ne7 34. Ra6 Ra8 35. Qa2 Rxa6 36. Qxa6 Qb8 37. Kg2 Qa7 38. Qb6 Qa1 39. Qb7 Qa7 40. Qb6 (40. Qxa7 $11 Nxa7 41. Kf1) 40... Qa1 41. Qd8 Ng8 42. Qd7 {Hoping for Ng5.} Nxd4 43. Ng5 Nh6 44. Qd8 Ne2 $2 {[%mdl 8192]} (44... Qe1 $11) 45. Qf6+ $1 $18 Kg8 46. Qd8+ Kg7 47. Qf6+ Kg8 {[#] ( -> ...Qg1+)} 48. Nf1 $2 (48. Nxe6 $1 $18 {[%csl Ge6][%cal Rf6g7][%mdl 512]} Qg1+ (48... fxe6 49. Qxg6+) 49. Kf3 Nd4+ 50. Nxd4) 48... Nd4 $11 {The position is equal.} 49. Qd8+ Kg7 50. Qf6+ Kg8 $1 51. Qd8+ Kg7 52. Nd2 Qa7 53. Qf6+ Kg8 54. Qd8+ Kg7 55. Nc4 dxc4 56. Qf6+ Kg8 {White must now prevent ...Qd7.} 57. Qd8+ {[%mdl 64] [#] Double Attack} Kg7 58. Qf6+ Kg8 {...Qd7 is the strong threat.} 59. Qd8+ {[%mdl 64] Double Attack. Accuracy: White = 67%, Black = 70%.} 1/2-1/2

[Event "78th GEO-ch 2019"]
[Site "Tbilisi"]
[Date "2019.02.16"]
[Round "4.2"]
[White "Arutinian, David"]
[Black "Paichadze, Luka"]
[Result "1/2-1/2"]
[WhiteElo "2552"]
[BlackElo "2580"]
[Annotator "TA"]
[PlyCount "150"]
[EventDate "2019.02.06"]
[EventType "k.o."]
[EventCountry "GEO"]
[SourceTitle "playchess.com"]
[Source "ChessBase"]
[SourceQuality "1"]

{[%evp 21,150,0,7,-1,0,0,-2,-21,-9,-18,-9,-25,-10,-6,0,-30,0,-20,0,0,0,-16,-13,-15,-12,-14,-5,-16,-16,-29,-16,-38,-37,-46,-39,-36,-37,-57,-21,-24,-20,-20,-20,-20,-20,-29,-23,-50,-37,-43,-59,-92,-50,-80,-100,-90,-99,-126,-126,-125,0,-74,-67,-96,-22,-85,-36,-38,-10,-12,0,-18,-9,-9,-9,-14,0,0,-2,-13,-16,-27,-14,-9,-8,-7,-7,-14,-14,-44,-45,-45,-36,-58,-8,-8,0,0,0,0,0,0,0,0,0,0,0,0,0,0,0,0,0,0,0,0,0,0,0,0,0,0,0,0,0,0,0,0,0,0,0]} 1. Nf3 Nf6 2. c4 e6 3. e3 b6 4. b3 Bb7 5. Bb2 Be7 6. Nc3 O-O 7. g3 d5 8. Bg2 dxc4 9. bxc4 c5 10. O-O Nc6 11. Qe2 Qc7 12. Rad1 {A14: English Opening: 1...e6 with b3 by White} (12. Rac1 Rfd8 13. Rfd1 Na5 14. Ne1 Bxg2 15. Nxg2 Qb7 16. f4 a6 17. Ba1 Ne4 18. Nxe4 Qxe4 19. d3 Qg6 {0-1 (47) Caruana,F (2807)-Aronian,L (2799) Saint Louis 2017}) 12... Rfd8 13. Ne1 a6 14. f4 b5 15. cxb5 $146 ({Predecessor:} 15. f5 Na5 16. cxb5 exf5 17. Rxf5 axb5 18. Nxb5 Qb6 19. a4 Qe6 {½-½ (37) Tarjan,J (2406)-Tang,A (2507) Middleton 2018}) 15... axb5 16. Qxb5 Rab8 {...Ba8 is the strong threat.} 17. Qa4 Ra8 18. Qb5 Rab8 {Strongly threatening ...Ba8.} 19. Qa4 Nb4 {Threatens to win with ...Ra8.} 20. Bxb7 Qxb7 21. a3 Nbd5 22. Nxd5 Nxd5 23. Be5 Ra8 {[%cal Bb8a8,Ba8a3,Ba3b3][%mdl 32]} 24. Qc2 Rxa3 25. Nf3 f6 26. Ra1 Rb3 27. Bc3 $1 Nxc3 28. dxc3 Rb2 29. Rab1 Rxb1 (29... Rxc2 {is more complex.} 30. Rxb7 Bf8 31. Rb6 Rxc3 32. Rxe6 Rc8) 30. Qxb1 Qxb1 31. Rxb1 $15 {[%mdl 4096] Endgame KRB-KRN} Rd3 32. Kf2 Rxc3 33. Ke2 Rc2+ 34. Kd1 Rg2 35. Rb8+ Kf7 36. Rc8 h6 37. Ke1 g5 38. Kf1 Ra2 39. h3 {[#]} Bd6 $1 40. Rd8 Be7 (40... Ke7 $142 41. Rh8 gxf4 42. exf4 c4) 41. Rc8 $1 $17 Rb2 42. Ra8 Rb7 (42... gxf4 $17 43. gxf4 h5) 43. Rc8 (43. Nd2 $11 {keeps the balance.}) 43... Rd7 44. Ke2 Bd6 45. Nd2 Be7 46. Ne4 Ra7 47. Kf3 Ra5 48. Rc6 f5 49. Nd2 Ra4 50. Ke2 Ra2 51. Kd3 Ra3+ 52. Ke2 Rc3 53. Nf3 Bf6 54. Rc7+ Kg6 55. Rc6 Rc2+ 56. Kd3 Rg2 57. g4 fxg4 58. hxg4 {The position is equal.} gxf4 59. exf4 Rxg4 60. Ke4 Rg2 {And now ...h5 would win.} 61. Rxc5 Re2+ 62. Kd3 Ra2 (62... Rb2 {feels hotter.} 63. Ne5+ Bxe5 64. Rxe5 Kf6 65. Rh5 Rb1) 63. Ne5+ Bxe5 (63... Kh7 {seems wilder.} 64. Rc6 Bg7 65. Rxe6 h5 66. Nf3 Ra3+) 64. Rxe5 $11 {KR-KR} Ra3+ 65. Ke4 Kf6 66. Rh5 Kg7 67. Re5 Ra1 68. Rxe6 Re1+ 69. Kf5 Rxe6 70. Kxe6 {KP-KP} h5 71. Kf5 Kh6 72. Ke4 Kg6 73. Kf3 Kf5 74. Kg3 {[#]} h4+ $1 {[%mdl 512]} 75. Kxh4 Kxf4 {Accuracy: White = 63%, Black = 59%.} 1/2-1/2

[Event "78th GEO-ch 2019"]
[Site "Tbilisi"]
[Date "2019.02.16"]
[Round "4.2"]
[White "Quparadze, Giga"]
[Black "Pantsulaia, Levan"]
[Result "0-1"]
[WhiteElo "2493"]
[BlackElo "2611"]
[Annotator "TA"]
[PlyCount "82"]
[EventDate "2019.02.06"]
[EventType "k.o."]
[EventCountry "GEO"]
[SourceTitle "playchess.com"]
[Source "ChessBase"]
[SourceQuality "1"]

{[%evp 12,82,24,22,25,33,44,44,50,-8,29,-6,-25,-20,-15,-12,-31,-33,-29,-43,-42,-70,-71,-100,-101,-120,-125,-122,-129,-131,-111,-136,-130,-124,-102,-183,-148,-161,-154,-209,-209,-435,-414,-439,-426,-328,-285,-279,-255,-250,-249,-245,-249,-276,-279,-406,-395,-439,-382,-439,-435,-427,-424,-409,-368,-368,-368,-609,-588,-579,-553,-564,-521]} 1. e4 c5 2. Nf3 Nc6 3. d4 cxd4 4. Nxd4 Nf6 5. Nc3 d6 6. g3 e5 7. Nde2 h5 {B56: Classical Sicilian: Unusual Lines} (7... Be7 8. Bg2 O-O 9. O-O Be6 10. h3 Rc8 11. g4 h6 12. Ng3 a6 13. Nf5 b5 14. Nd5 Bxf5 15. Nxe7+ Qxe7 16. exf5 d5 17. c3 e4 18. Bf4 {0-1 (42) Fontaine,R (2563)-Gupta,A (2610) chess.com INT 2018}) 8. h3 Be7 9. Bg2 Be6 {White is slightly better.} 10. Bg5 (10. Be3 $14) 10... Rc8 (10... Nxe4 $5 11. Nxe4 Bxg5 $11) 11. O-O $146 ({Predecessor:} 11. Qd2 Na5 12. b3 a6 13. O-O b5 14. Bxf6 Bxf6 15. Rfd1 Nb7 {0-1 (31) Pomeroy,A (2102)-Croad,N (2276) Wellington 2016}) 11... Qd7 12. h4 Ng4 13. Bxe7 Nxe7 14. Qd2 O-O 15. Rad1 Rfd8 16. Qg5 b5 {...b4 is the strong threat.} 17. a3 (17. Qxh5 f6 $19) 17... a5 {White must now prevent ...b4.} 18. Rc1 ({Don't blunder} 18. Qxh5 $2 b4 $19) 18... b4 19. axb4 axb4 20. Nd5 {[#]} Nxd5 $1 21. exd5 Bf5 22. Qd2 Qb5 23. b3 (23. c3 $17) 23... Qb6 24. c4 bxc3 $1 25. Rxc3 (25. Nxc3 $17 {keeps fighting.} Nf6 26. Qg5) 25... Rxc3 $19 26. Qxc3 $2 (26. Nxc3 {was the only defense.} Rc8 27. Ne4) 26... Rc8 27. Qf3 g6 28. Nc3 Qxb3 29. Ne4 Qxf3 ({Worse is} 29... Qxd5 {[#]} 30. Qxg4 $1 {[%mdl 512]} hxg4 31. Nf6+ Kf8 32. Nxd5 $16 (32. Bxd5 Ke7 $16)) 30. Bxf3 Bxe4 $1 31. Bxe4 {[%mdl 4096] Endgame KRB-KRN} Rc4 32. Bf3 Rc2 33. Bxg4 (33. Bd1 $142 Rd2 34. Bxg4 hxg4 35. Rc1) 33... hxg4 {KR-KR} 34. Ra1 Rd2 35. Ra4 f5 36. Ra7 Rxd5 37. Kf1 Kf8 38. Ke2 Rb5 39. Rd7 $2 (39. Rh7) 39... d5 {Black is clearly winning.} 40. Kd3 Ra5 41. Kc3 Ra2 {Accuracy: White = 38%, Black = 85%.} 0-1

[Event "78th GEO-ch 2019"]
[Site "Tbilisi"]
[Date "2019.02.17"]
[Round "4.3"]
[White "Pantsulaia, Levan"]
[Black "Quparadze, Giga"]
[Result "0-1"]
[WhiteElo "2611"]
[BlackElo "2493"]
[Annotator "TA"]
[PlyCount "136"]
[EventDate "2019.02.06"]
[EventType "k.o."]
[EventCountry "GEO"]
[SourceTitle "playchess.com"]
[Source "ChessBase"]
[SourceQuality "1"]

{[%evp 16,136,9,0,26,26,27,28,29,28,16,18,17,8,8,-2,-2,-2,-5,-5,-4,-8,-2,-41,-36,-36,-32,-174,-202,-283,-283,-379,-352,-360,-322,-464,-463,-431,-470,-525,-513,-676,-685,-683,-684,-635,-434,-425,-451,-690,-453,-453,-453,-453,-453,-302,-302,-302,-259,-252,-245,-250,-250,-453,-453,-453,-453,-453,-453,-453,-453,-439,-428,-746,-729,-670,-650,-1068,-1070,-970,-983,-5206,-5193,-2020,-1070,-1027,-948,-880,-799,-722,-714,-670,-570,-1000,-763,-29946,-29937,-29957,-29960,-29961,-29961,-29960,-29953,-29955,-29945,-29952,-29952,-29952,-29947,-12381,-9965,-6208,-727,-1318,-228,-29962,-29963,-29960,-29963,-29963,-29954,-29966,-29965]} 1. g3 c5 2. c4 Nc6 3. Bg2 g6 4. Nc3 Bg7 5. Nf3 d6 6. O-O e6 7. e3 Nge7 8. d4 O-O 9. Re1 {LiveBook: 22 Games. A37: Symmetrical English vs ...g6: 4 Bg2 Bg7 5 Nf3} cxd4 (9... Rb8 10. b3 cxd4 11. Nxd4 Nxd4 12. exd4 Nf5 13. Be3 Nxe3 14. Rxe3 a6 15. Rc1 Bh6 16. f4 Bg7 {1-0 (37) Carlsen,M (2835)-Svidler,P (2737) St Petersburg 2018}) 10. exd4 d5 11. cxd5 {White has an edge.} exd5 12. Bg5 h6 13. Bxe7 Nxe7 14. Ne5 Be6 15. Qb3 $146 ({Predecessor:} 15. Qe2) 15... Bxe5 16. Rxe5 {[%cal Rg2d5]} Nc6 {[%cal Be7c6,Bc6d4,Bd4c2][%mdl 32]} 17. Ree1 Nxd4 18. Qa4 Qf6 19. Nxd5 Bxd5 20. Bxd5 b5 $36 {[%mdl 2048] Black fights for an advantage.} 21. Qb4 {[#]} (21. Qd1 $15) 21... Nc2 $1 $19 {[%csl LRa1,LRb4,LRe1][%cal Rc2b4]} 22. Qe4 (22. Qe7 {keeps fighting.} Qxe7 23. Rxe7 Nxa1 24. Bxa8 Rxa8 25. Rc7) 22... Rac8 23. Bb3 Nxa1 24. Rxa1 Kg7 25. Qb7 (25. Qe2 $142) 25... a6 26. Rf1 Rcd8 27. h4 h5 28. Qa7 Rd2 29. Re1 Rxb2 30. Re4 Qf3 {( -> ...Rb1+)} 31. Qd4+ Kh7 {...Rb1+ is the strong threat.} 32. Re1 (32. Bd1 $142 Rb1 33. Re1) 32... Re2 33. Rxe2 Qxe2 {[%mdl 4096] Endgame KQR-KQB} 34. Qf6 Qe1+ 35. Kh2 Qe8 36. Qxa6 Qe5 37. Qa7 Kg7 38. Kg2 Qe4+ 39. Kh2 $2 (39. Kg1) 39... Qf3 40. Qd4+ Qf6 41. Qe3 b4 42. Kg2 Rd8 43. Qe1 Rd4 44. Qe3 (44. Kg1 $142 Qf5 45. Kg2) 44... Qc6+ 45. Kh2 Qe4 46. Qc1 Qe2 47. Kg2 Rd2 48. Qc5 Qe4+ 49. Kh2 Qd4 50. Qxd4+ Rxd4 {KR-KB} 51. Kg2 f6 52. Kf3 g5 53. Ke3 Rd8 54. hxg5 fxg5 55. f4 Kf6 56. fxg5+ Kxg5 57. Kf3 Rd3+ 58. Kg2 Rc3 59. Kf2 Kf6 60. Kg2 Kf5 61. Kh3 Kg5 62. Kg2 Re3 63. Kf2 Re8 (63... Re7 $142 64. Kf3 Ra7) 64. Kf3 Rf8+ $2 (64... Re1 65. Bd5 Re5) 65. Kg2 $2 {[#]} (65. Ke3 $19) 65... h4 {Black mates.} 66. gxh4+ Kxh4 67. Bc4 Rf4 68. Bb3 Kg5 {Precision: White = 43%, Black = 80%.} 0-1

[Event "78th GEO-ch 2019"]
[Site "Tbilisi"]
[Date "2019.02.17"]
[Round "4.3"]
[White "Arutinian, David"]
[Black "Paichadze, Luka"]
[Result "0-1"]
[WhiteElo "2552"]
[BlackElo "2580"]
[Annotator "TA"]
[PlyCount "116"]
[EventDate "2019.02.06"]
[EventType "k.o."]
[EventCountry "GEO"]
[SourceTitle "playchess.com"]
[Source "ChessBase"]
[SourceQuality "1"]

{[%evp 20,116,0,6,0,-2,22,-18,0,-44,-33,-27,-20,-23,-35,-26,-17,-75,-55,-68,-68,-55,0,-105,-104,-153,-21,-144,-117,-141,-118,-126,-29,-32,-35,-35,-25,-35,-55,-44,-40,-104,-120,-195,-195,-195,-195,-213,-185,-335,-334,-344,-300,-382,-359,-421,-388,-616,-275,-275,-272,-458,-218,-363,-326,-206,-206,-206,-206,-208,-211,-466,-477,-477,-468,-449,-454,-444,-438,-410,-383,-337,-294,-1147,-1129,-1104,-1081,-1053,-823,-709,-600,-29946,-29947,-29951,-29957,-29945,-12312,-6621,-1384]} 1. Nf3 Nf6 2. c4 e6 3. e3 b6 4. b3 Bb7 5. Bb2 Be7 6. Nc3 O-O 7. g3 d5 8. Bg2 dxc4 9. bxc4 c5 10. O-O Nc6 11. Qe2 a6 {A14: English Opening: 1...e6 with b3 by White} (11... Rc8 12. Rfd1 Qc7 13. Ne1 Rfd8 14. f4 a6 15. g4 Ne8 16. Rab1 Nd6 17. Ba1 Na5 18. d3 Bc6 19. Qb2 Bf6 20. g5 Bxc3 21. Qxc3 {1-0 (52) Mamedov,R (2703)-Kovalev,V (2683) St Petersburg 2018}) 12. Ne1 Qd7 13. d3 Rfd8 {The position is equal.} 14. h3 $146 ({Predecessor:} 14. a4 Nb4 15. Bxb7 Qxb7 16. f4 Rd7 17. g4 Rad8 18. Rd1 Ne8 {½-½ (41) Miltner,A (2400)-Fish,G (2550) Germany 2006}) 14... Rab8 15. g4 {[#]} b5 $1 {[%mdl 512]} 16. g5 (16. cxb5 axb5) 16... Ne8 17. Ne4 Nb4 {[%cal Rb4d3]} 18. Qg4 (18. Be5 $11 {keeps the balance.}) 18... Nxd3 (18... Bxe4 $5 19. Bxe4 Nd6 20. cxb5 Nxe4 21. dxe4 axb5 $17) 19. Nxd3 Qxd3 20. Be5 {Rfd1 is the strong threat.} Rbc8 ({But not} 20... bxc4 $2 21. Rad1 $18) (20... Bxe4 $1 $15 21. Bxe4 Qxc4) 21. cxb5 (21. a4 $1 $11) 21... axb5 $17 22. Rfd1 Qc4 (22... Qa3 $17 {And now ...c4 would win.} 23. h4 c4 24. Rxd8 Rxd8) 23. Rdc1 (23. a4 $1 $11) 23... Qa4 24. Bf6 Bxf6 25. Nxf6+ {[%mdl 64] Discovered Attack} Nxf6 (25... gxf6 $17 26. Qxa4 bxa4 27. Bxb7 Rc7) 26. Qxa4 $11 bxa4 27. Bxb7 Rc7 28. gxf6 {Hoping for Ba6.} Rxb7 29. Rxc5 gxf6 {[%mdl 4096] Endgame KRR-KRR} 30. Rc4 (30. Ra5 $1 $15) 30... a3 $17 31. Rc3 {[#]} (31. Ra4 $17) 31... Ra8 $1 $19 32. Kg2 Rb2 33. Kg3 Kg7 34. h4 (34. Rc5 $142) 34... f5 35. Kf3 Kf6 36. Kg3 Ra4 37. Kf3 h5 38. Kg3 (38. Rb3 $142) 38... Rbb4 (38... Rg4+ $142 39. Kf3 e5 40. Rc6+ Ke7) 39. Rd1 Rxh4 40. f3 $2 (40. Rb1) 40... Rhc4 (40... Rhb4 $142 41. Rdd3 Rb2 42. Rxa3 Rc4) 41. Rdd3 (41. Rxc4 $142 Rxc4 42. Rd3) 41... Rxc3 42. Rxc3 {KR-KR} h4+ 43. Kh3 Kg5 44. Rc8 e5 45. Rc5 $2 (45. Rg8+ Kf6 46. Rc8) 45... f6 46. Rc8 Kg6 47. Rg8+ Kf7 48. Rc8 Kg7 49. Rc3 Kg6 50. Rc8 Rb4 51. Rc3 $2 (51. Rg8+ Kf7 52. Ra8) 51... Rb2 52. Rxa3 Rf2 53. e4 fxe4 54. fxe4 Kg5 55. Re3 Rxa2 56. Re1 Ra3+ 57. Kh2 Kf4 58. Rf1+ Rf3 {Accuracy: White = 29%, Black = 50%.} 0-1

[Event "78th GEO-ch 2019"]
[Site "Tbilisi"]
[Date "2019.02.17"]
[Round "4.4"]
[White "Paichadze, Luka"]
[Black "Arutinian, David"]
[Result "0-1"]
[WhiteElo "2580"]
[BlackElo "2552"]
[Annotator "TA"]
[PlyCount "108"]
[EventDate "2019.02.06"]
[EventType "k.o."]
[EventCountry "GEO"]
[SourceTitle "playchess.com"]
[Source "ChessBase"]
[SourceQuality "1"]

{[%evp 16,108,21,20,23,23,67,-11,-11,-8,0,0,0,0,8,0,5,10,15,0,0,0,0,0,11,0,15,15,25,6,16,-17,0,-80,-79,-62,-59,-42,0,0,0,0,0,0,0,0,0,0,0,-49,-53,-59,-47,-75,-68,-71,-71,-131,-125,-116,-106,-177,-143,-144,-12,-210,-215,-215,-215,-189,-212,-168,-119,-152,-157,-144,-142,-304,-294,-421,-247,-360,-252,-1715,-1463,-29974,-29975,-29975,-29976,-29976,-29976,-29975,-29976,-29973,-29973]} 1. e4 c5 2. c3 g6 3. d4 Bg7 4. Nf3 cxd4 5. cxd4 d5 6. e5 Nh6 {B27: Sicilian: 2 Nf3, unusual Black 2nd moves} (6... Nc6 7. Bb5 Nh6 8. O-O O-O 9. h3 f6 10. exf6 exf6 11. Nc3 Nf7 12. Re1 Qd6 13. Be3 Bf5 14. Rc1 Rac8 {0-1 (46) Grischuk,A (2772)-Mamedov,R (2709) Huaian 2017}) 7. Bb5+ Bd7 8. Bxd7+ Qxd7 9. O-O {LiveBook: 5 Games} Nc6 10. Nc3 Nf5 11. Ne2 $146 ({Better is} 11. g4 $14) ({Predecessor:} 11. Bf4 h6 {1-0 (32) Mikalsen,H (1798)-Erikstad,O (1764) Oslo 2015}) 11... f6 $11 12. exf6 Bxf6 13. Bf4 O-O 14. Qd2 Bg7 15. Ne5 Qe6 {[%cal Rg7e5]} 16. Nxc6 Qxc6 17. Be5 Bxe5 18. dxe5 e6 19. Rac1 Qb6 20. Rc3 Rf7 21. Rb3 Qa6 22. Ra3 Qc4 23. Ng3 {[%cal Be2g3,Bg3h5,Bh5f6][%mdl 32]} Ne7 24. Rc3 (24. Ne2 $11) 24... Qxa2 $17 25. Rc7 Qb3 26. Qg5 Qb4 27. Nh5 $1 Raf8 {White must now prevent ...Rxf2!} 28. Nf6+ Kg7 29. Nd7 Re8 30. Nf6 Ref8 {White should prevent ...Nc6.} 31. Nd7 h6 32. Qc1 Re8 $1 33. Nf6 Rh8 34. Qe3 Nc6 35. Rxf7+ Kxf7 36. Nd7 (36. h3 $142) 36... Ke7 $36 {[%mdl 2048] Black is in control.} ({Of course not} 36... Qxb2 $6 37. Qf4+ Ke8 38. Qf6 $11) 37. Nc5 g5 38. h4 (38. Nd3 $17 Qd4 39. Qe2) 38... gxh4 39. Rc1 {[#]} Rg8 (39... Qg4 $1 $17 {aiming for ...Rg8.} 40. Nxb7 Rg8 41. Qc5+ Kf7 42. Nd6+ Kg6 43. Qxc6 Kh5) 40. Nxb7 $2 (40. Qxh6 $11 Qg4 41. Qf6+ Ke8 42. Qxe6+ Qxe6 43. Nxe6) 40... Qxb7 $19 41. Qc5+ Kf7 42. Qxc6 Qxc6 43. Rxc6 {[%mdl 4096] Endgame KR-KR} Rg5 44. Ra6 {[#]} h3 $1 45. Rxa7+ Kg6 46. g3 $2 (46. Ra3 $17 {was the only defense.}) 46... Rxe5 47. Ra3 (47. Ra4 $142) 47... Re2 (47... d4 $142 48. b4 Kf5) 48. Rf3 (48. b4 {only move.}) 48... e5 {[%cal Be6e5,Be5e4,Be4e3][%mdl 32]} (48... Rxb2 $2 49. Kh2 $19) 49. Kh2 $2 (49. g4) 49... e4 50. Rf8 d4 {[%cal Bd5d4,Bd4d3,Bd3d2][%mdl 32] Black mates.} 51. Kxh3 d3 52. Kg2 d2 53. Rd8 e3 54. Kf3 Re1 {Precision: White = 32%, Black = 63%.} 0-1

[Event "78th GEO-ch 2019"]
[Site "Tbilisi"]
[Date "2019.02.17"]
[Round "4.4"]
[White "Quparadze, Giga"]
[Black "Pantsulaia, Levan"]
[Result "1/2-1/2"]
[WhiteElo "2493"]
[BlackElo "2611"]
[Annotator "TA"]
[PlyCount "87"]
[EventDate "2019.02.06"]
[EventType "k.o."]
[EventCountry "GEO"]
[SourceTitle "playchess.com"]
[Source "ChessBase"]
[SourceQuality "1"]

{[%evp 20,87,59,58,60,56,49,57,57,57,106,55,77,77,143,119,185,98,140,137,212,211,343,201,187,175,158,129,105,109,116,113,115,43,109,30,35,29,93,76,108,83,262,247,581,582,535,552,676,676,721,708,676,676,629,290,255,110,104,50,145,145,145,145,145,145,145,145,145,145]} 1. e4 c5 2. Nf3 Nf6 3. Nc3 Nc6 4. Bb5 g6 5. O-O Bg7 6. Bxc6 bxc6 7. e5 Ng4 8. Re1 O-O 9. h3 Nh6 10. d3 {B31: Sicilian: 2...Nc6 3 Bb5 g6} Nf5 (10... d6 11. exd6 exd6 12. Bg5 f6 13. Bf4 g5 14. Bh2 {1-0 (46) Rzayev,B (2406)-Klekowski,M (2475) Konya 2015}) 11. Ne4 {LiveBook: 3 Games} Qb6 12. c4 $146 {[%cal Bc2c4,Bc4c5][%mdl 32] White is slightly better.} ({Predecessor:} 12. Rb1 d6 13. exd6 exd6 14. Bf4 d5 15. Nd6 Be6 16. Qd2 Nxd6 17. Bxd6 Rfe8 {½-½ (47) Kochan,I (2247)-Babychuk,V (2154) ICCF email 2012}) 12... Nd4 13. Nxd4 cxd4 14. c5 Qb8 15. f4 (15. Bg5 $16) 15... Ba6 16. Qc2 h6 (16... f6 $142) 17. b3 Qb5 (17... f5 $16) 18. Rd1 (18. Qf2 $18) 18... Rad8 19. Bb2 g5 (19... f6 $16) 20. fxg5 $18 hxg5 (20... Qb8 $142 21. gxh6 (21. Bxd4 Bxe5 22. Bxe5 Qxe5 $18) 21... Bxe5) 21. Bxd4 (21. Qf2 $142) 21... d6 22. cxd6 exd6 23. Nf6+ ({Resist} 23. Nxg5 Qd5 $16) 23... Bxf6 24. exf6 Rfe8 25. Qf2 Qd5 26. Bc3 (26. Rd2 $16) 26... c5 (26... Re6 $14) 27. Qg3 (27. d4 $16) 27... Re2 $11 28. Re1 Rc2 (28... Rde8 $11 29. Rxe2 Rxe2) 29. Rac1 $36 {[%mdl 2048] White is in control.} Rxa2 30. Ra1 Rc2 $2 (30... Rxa1 $16 31. Rxa1 Bb5) 31. Be5 $18 ({Weaker is} 31. Rxa6 Rxc3 32. Qg4 Qd4+ 33. Qxd4 cxd4 $16) 31... Bxd3 $2 (31... Kh7 {is a better chance.}) 32. Qxg5+ ({Stronger than} 32. Rad1 dxe5 33. Qxg5+ Kf8 $11) 32... Bg6 {[#]} 33. Rad1 $1 {[%cal Rd1d5]} Qa8 34. Rxd6 Re8 35. Rd2 Rxd2 36. Qxd2 {Intending Qh6 and mate.} Re6 37. Qh6 (37. Rd1 $142 {White wants to mate with Qh6.} Qf8 38. Qf4) 37... Qf8 38. Qxf8+ (38. Qg5 $18 {is more deadly.}) 38... Kxf8 {[%mdl 4096] Endgame KRB-KRB} 39. Bg3 (39. Bc3 $16) 39... Bc2 {[#]} ({Better is} 39... Rxf6 $14 40. Bf2 Rc6) 40. Rxe6 $1 $16 {White is clearly better.} fxe6 41. Bd6+ Kf7 42. Bxc5 Bxb3 43. Bxa7 Kxf6 44. Bd4+ {Precision: White = 50%, Black = 27%.} 1/2-1/2